000 00564nam a22001817a 4500
999 _c524638
_d524638
003 NUST
038 _aFaiza
082 _a891.421
_bARS
100 _aArshad, Arshad Iqbal
_915441
245 _aSadian dy Aklapy /
_cArshad Iqbal Arshad
260 _aLahore :
_bIdara Punjabi Likharian,
_c2006.
300 _a96 p. ;
500 _aHard cover.
880 _6100-01\r
_aارشد اقبال ارشد
880 _6245-02\r
_aصدیاں دے اکلاپے /
880 _6260-03\r
_aلاہور :
_bادارہ پنجابی لکھاریاں,
_c۲۰۰۶.
942 _2ddc
_cBK